000 00503 a2200121 4500
001 ART_58143
005 20260410161610.0
008 260409a
245 1 0 _aRT 53. Otros encargos de aseguramiento en general, Examen de información contable prospectiva e Informes sobre los controles de una organización de servicios. Sexta parte
100 1 _aFaccendini, Yanina C.
700 1 _aOubiña, Gabriel H.
773 0 _tProfesional & Empresaria
_g- Año XXV, Nº 281 (feb. 2023)
_wREV70
999 _c10547
_d10547